| 000 | 01002nam a22002297a 4500 | ||
|---|---|---|---|
| 999 |
_c5932 _d5932 |
||
| 003 | AR-CdUCM | ||
| 008 | 190313b ||||| |||| 00| 0 spa d | ||
| 040 |
_aMUNICIPALIDAD PROVINCIAL DEL CUSCO _cBIBLIOTECA MUNICIPAL DEL CUSCO |
||
| 082 |
_a974.07 / _bM26 |
||
| 100 |
_aMarquéz Sterling, Manuel _917439 |
||
| 245 | _aLos últimos días del presidente Madero / | ||
| 260 |
_aCuba : _bImprenta nacional de Cuba, _c1960. |
||
| 300 |
_a313 páginas ; _c23 cm. |
||
| 500 | _aDonación de la familia Nieto. | ||
| 505 | _aContenido: En Veracruz -- Planes de acercamiento comercial e intelectual entre Cuba y México -- Periodismo y diplomacia -- Tormenta política en Cuba -- Mi ascenso a Ministro en el Brasil ... | ||
| 650 |
_aMadero, Francisco Indaleci - Presidente de México _917440 |
||
| 650 |
_aMéxico - Historia - Revolución (1910-1920) _917441 |
||
| 650 |
_aCuba - Relaciones exteriores _917442 |
||
| 650 |
_aMéxico - Relaciones exteriores _917443 |
||
| 942 |
_2ddc _cLIBROS |
||
| 945 | _alccs | ||